| 000 | 01298nam a2200289Ia 4500 | ||
|---|---|---|---|
| 003 | OSt | ||
| 005 | 20210608100109.0 | ||
| 008 | 210310s1998 ck gr 100 0dspa d | ||
| 020 | _a9589272886 | ||
| 040 |
_aCO-JMCR _cCO-JMCR |
||
| 041 | 0 | _aspa | |
| 082 | 0 | 4 |
_a333.71 / _bF727g _223 |
| 111 | 2 |
_aForo Nacional Ambiental. La política ambiental de fin de siglo _d(1997 : _cBogotá) _938161 |
|
| 245 | 1 | 0 |
_aGestión ambiental nacional y urbana / _cEugenia Ponce de León, Francisco Alberto Galán, Eduardo Uribe |
| 250 | _aPrimera edición | ||
| 260 |
_aBogotá : _bFescol, _c1998 |
||
| 300 |
_a115 páginas ; _c21 cm. |
||
| 500 | _aIncluye datos biográficos de los autores. | ||
| 504 | _aBibliografía: página 115 | ||
| 505 | 0 |
_tEvaluación de la labor del Ministerio del Medio Ambiente / _rEugenia Ponce de León _tBosquejo para una estrategia financiera para la política ambiental / _rFrancisco Alberto Galán _tLa gestión ambiental en Bogotá 1995-1997 / _rEduardo Uribe |
|
| 650 | 1 | 4 |
_aGestión ambiental _915920 |
| 650 | 2 | 4 |
_aEstrategia financiera _xPolítica financiera _938162 _vCongresos, conferencias, etc. |
| 700 | 1 |
_aPonce de León, Eugenia, _eautora _915918 |
|
| 700 | 1 |
_aGalán, Francisco Alberto, _eautor _938163 |
|
| 700 | 1 |
_aUribe, Eduardo, _eautor _99388 |
|
| 942 |
_2ddc _cBK |
||
| 999 |
_c7955 _d7955 |
||